000 00517nam a22001937a 4500
003 OSt
005 20160420180701.0
008 160420b xxu||||| |||| 00| 0 eng d
020 _a9782601128
040 _cDDC.
082 _a338.9 ONO1993.
100 _aOnosode Gamaliel;
_98158
245 _aThree Decades of Development Crises in Nigeria.
260 _aLagos.
_bMaltihouse Press Ltd.
_c1993.
300 _a297p;
_bill;
_c18cm.
504 _aindex is included.
650 _aDevelopment
_9612
942 _2ddc
_cSLOAN
999 _c3671
_d3671